[Event "Otocec Krka Terme op"]
[Site "Otocec"]
[Date "2017.11.02"]
[Round "1"]
[White "Kaluza, Dominik"]
[Black "Slamar, Velimir"]
[Result "0-1"]
[WhiteElo "1390"]
[BlackElo "2050"]
[PlyCount "33"]
[EventDate "2017.11.02"]
[EventType "swiss"]
[EventRounds "9"]
[EventCountry "SLO"]
[SourceTitle "EXT 2019"]
[Source "ChessBase"]
[SourceDate "2018.10.10"]
[SourceVersion "1"]
[SourceVersionDate "2018.10.10"]
[SourceQuality "1"]

1. d4 d5 2. Bf4 e6 3. Nf3 Bd6 4. Bxd6 cxd6 5. e3 Nf6 6. Be2 0-0 7. 0-0 Nc6 8. a3 e5 9. dxe5 dxe5 10. h3 Re8 11. Nc3 h6 12. Qd2 Bf5 13. Rac1 Qa5 14. Rfd1 Rad8 15. Bb5 a6 16. Bxc6 bxc6 17. Qe2 0-1

[Event "Palic Karadzic Memorial op"]
[Site "Palic"]
[Date "2016.10.30"]
[Round "3"]
[White "Slamar, Velimir"]
[Black "Bodiroga, Predrag"]
[Result "0-1"]
[WhiteElo "2134"]
[BlackElo "2323"]
[PlyCount "94"]
[EventDate "2016.10.29"]
[EventType "swiss"]
[EventRounds "9"]
[EventCountry "SRB"]
[SourceTitle "CBM 175 Extra"]
[Source "ChessBase"]
[SourceDate "2016.12.12"]
[SourceVersion "1"]
[SourceVersionDate "2016.12.12"]
[SourceQuality "1"]

1. d4 Nf6 2. c4 g6 3. Nc3 Bg7 4. e4 d6 5. Nf3 0-0 6. Be2 Bg4 7. 0-0 Nfd7 8. h3 Bxf3 9. Bxf3 Nc6 10. Be3 e5 11. d5 Nd4 12. Be2 Kh8 13. Rc1 f5 14. f3 Nf6 15. g4 Ng8 16. Kg2 Bh6 17. Qd2 Bxe3 18. Qxe3 a6 19. Bd3 Ne7 20. exf5 gxf5 21. f4 Ng6 22. fxe5 dxe5 23. gxf5 Nf4+ 24. Kh2 Qf6 25. Ne2 Ndxe2 26. Bxe2 Rg8 27. Bf3 Qxf5 28. Bg4 Qf6 29. Rce1 Rxg4 30. Qxe5 Qxe5 31. Rxe5 Ng6 32. Rh5 Rf4 33. Rxf4 Nxf4 34. Rf5 Ng6 35. Rf7 Rc8 36. c5 Kg8 37. Rd7 Ne5 38. Re7 Nf7 39. b4 Kf8 40. d6 cxd6 41. cxd6 Nxd6 42. Rxh7 Rc2+ 43. Kg3 Rxa2 44. Rd7 Rd2 45. Kf4 Ke8 46. Rh7 Rd5 47. h4 Nf7 0-1

[Event "Palic Karadzic Memorial op"]
[Site "Palic"]
[Date "2016.10.29"]
[Round "1"]
[White "Slamar, Velimir"]
[Black "Steinberg, Nitzan"]
[Result "0-1"]
[WhiteElo "2134"]
[BlackElo "2466"]
[PlyCount "59"]
[EventDate "2016.10.29"]
[EventType "swiss"]
[EventRounds "9"]
[EventCountry "SRB"]
[SourceTitle "CBM 175 Extra"]
[Source "ChessBase"]
[SourceDate "2016.12.12"]
[SourceVersion "1"]
[SourceVersionDate "2016.12.12"]
[SourceQuality "1"]

1. d4 d5 2. c4 c6 3. Nf3 Nf6 4. e3 e6 5. Nc3 Nbd7 6. Be2 dxc4 7. Bxc4 b5 8. Bd3 Bd6 9. 0-0 Bb7 10. Bd2 a6 11. Rc1 c5 12. Re1 0-0 13. Bb1 Rc8 14. h3 Bb8 15. e4 cxd4 16. Nxd4 Ne5 17. Bg5 h6 18. Bh4 Ng6 19. Bxf6 Qxf6 20. Nf3 Rfd8 21. Qb3 Ne5 22. Nxe5 Qxe5 23. Ne2 Rxc1 24. Rxc1 Qh2+ 25. Kf1 Qh1+ 26. Ng1 Bh2 27. Ke2 Bxg1 28. Qf3 Qh2 29. g3 Bxf2 30. Qxf2 0-1

[Event "Pula op 30th"]
[Site "Pula"]
[Date "2016.09.14"]
[Round "6"]
[White "Saradjen, Janko"]
[Black "Slamar, Velimir"]
[Result "0-1"]
[WhiteElo "2010"]
[BlackElo "2116"]
[PlyCount "80"]
[EventDate "2016.09.10"]
[EventType "swiss"]
[EventRounds "9"]
[EventCountry "CRO"]
[SourceTitle "CBM 174 Extra"]
[Source "ChessBase"]
[SourceDate "2016.10.10"]
[SourceVersion "1"]
[SourceVersionDate "2016.10.10"]
[SourceQuality "1"]

1. e4 c6 2. Nc3 d5 3. d3 dxe4 4. Nxe4 Nf6 5. Nxf6+ gxf6 6. c3 Nd7 7. d4 Nb6 8. h3 Qc7 9. Ne2 e5 10. g3 Be6 11. Bg2 0-0-0 12. Qc2 Qd7 13. dxe5 Bf5 14. Qb3 Bd3 15. Qd1 fxe5 16. 0-0 Rg8 17. Be3 f5 18. Bf3 f4 19. Bxb6 axb6 20. Bg4 Rxg4 21. hxg4 f3 22. Nc1 Qxg4 23. Nxd3 Rxd3 24. Qxd3 e4 25. Rfe1 exd3 26. Re8+ Kc7 27. Rxf8 d2 28. Rf4 Qe6 29. Rf1 c5 30. Rxf3 Qe2 31. Rf7+ Kd8 32. Rxh7 Qxf1+ 33. Kxf1 d1Q+ 34. Kg2 Qd5+ 35. Kh2 Qf3 36. Kg1 Qe4 37. Rh4 Qb1+ 38. Kg2 Qxb2 39. c4 Qxa2 40. Rf4 b5 0-1

[Event "Pula op 30th"]
[Site "Pula"]
[Date "2016.09.12"]
[Round "3"]
[White "Slamar, Velimir"]
[Black "Travin, Vladimir"]
[Result "1-0"]
[WhiteElo "2116"]
[BlackElo "1942"]
[PlyCount "113"]
[EventDate "2016.09.10"]
[EventType "swiss"]
[EventRounds "9"]
[EventCountry "CRO"]
[SourceTitle "CBM 174 Extra"]
[Source "ChessBase"]
[SourceDate "2016.10.10"]
[SourceVersion "1"]
[SourceVersionDate "2016.10.10"]
[SourceQuality "1"]

1. d4 d5 2. c4 c6 3. Nf3 Nf6 4. e3 e6 5. Nc3 Be7 6. Bd3 0-0 7. 0-0 Nbd7 8. cxd5 exd5 9. h3 h6 10. a3 a5 11. Qc2 Re8 12. Bd2 Bd6 13. Rfe1 Nf8 14. e4 dxe4 15. Nxe4 Nxe4 16. Bxe4 Be6 17. Ne5 Nd7 18. Bc3 Nf6 19. Bd3 Nd5 20. Bh7+ Kh8 21. Bf5 Qf6 22. Bxe6 Rxe6 23. Ng4 Qg6 24. Qxg6 Rxg6 25. Ne5 Bxe5 26. Rxe5 Nxc3 27. bxc3 Re6 28. Rxe6 fxe6 29. Rb1 Rb8 30. Re1 Re8 31. Re5 b6 32. Kf1 Kg8 33. Ke2 Kf7 34. Kd3 Ke7 35. c4 Kd6 36. f4 Rf8 37. c5+ bxc5 38. dxc5+ Kd7 39. Re4 Rb8 40. Rd4+ Kc7 41. Kc3 Rb1 42. Kc2 Rg1 43. g4 Rg3 44. Rd3 Rxd3 45. Kxd3 Kd7 46. Ke4 g5 47. f5 Ke7 48. Ke5 exf5 49. Kxf5 Kf7 50. Ke5 Ke7 51. a4 Kd7 52. Kf6 Ke8 53. Ke6 Kf8 54. Kd6 Kf7 55. Kxc6 Kf6 56. Kd6 h5 57. c6 1-0

[Event "Portoroz op 10th"]
[Site "Portoroz"]
[Date "2016.07.28"]
[Round "7"]
[White "Vucko, Maja"]
[Black "Slamar, Velimir"]
[Result "0-1"]
[WhiteElo "1871"]
[BlackElo "2138"]
[PlyCount "102"]
[EventDate "2016.07.23"]
[EventType "swiss"]
[EventRounds "9"]
[EventCountry "SLO"]
[SourceTitle "CBM 173 Extra"]
[Source "ChessBase"]
[SourceDate "2016.08.29"]
[SourceVersion "1"]
[SourceVersionDate "2016.08.29"]
[SourceQuality "1"]

1. e4 c6 2. d4 d5 3. Nc3 dxe4 4. Nxe4 Nf6 5. Nxf6+ gxf6 6. Nf3 Rg8 7. Qd3 Bg4 8. c3 Qd5 9. Qxh7 Rg7 10. Qd3 Nd7 11. c4 Qh5 12. h3 0-0-0 13. Nh2 Bf5 14. Qc3 Be4 15. Rg1 e5 16. d5 cxd5 17. cxd5+ Kb8 18. g4 Qh7 19. Be3 Nb6 20. Bxb6 axb6 21. Rc1 Bc5 22. b4 Bd6 23. Bc4 Rgg8 24. Nf1 Rc8 25. Qb2 Qh6 26. Ne3 f5 27. Rc3 f4 28. Nd1 b5 29. Bxb5 Bxd5 30. Rd3 Bc4 31. Bxc4 Rxc4 32. a3 e4 33. Rd5 e3 34. Qe2 exf2+ 35. Nxf2 Rc1+ 36. Nd1 f3 37. Qd2 Re8+ 38. Kf2 Qh4+ 39. Kxf3 Qxh3+ 40. Kf2 Qh4+ 41. Kf3 Qh3+ 42. Kf2 Rc6 43. Rxd6 Qh2+ 44. Kf1 Qxd6 45. Qxd6+ Rxd6 46. Kf2 Rd2+ 47. Kf3 Rd3+ 48. Kf4 Rxa3 49. Kf5 Rf3+ 50. Kg5 Rg8+ 51. Kh4 f5 0-1

[Event "Portoroz op 10th"]
[Site "Portoroz"]
[Date "2016.07.26"]
[Round "5"]
[White "Hercog, Nusa"]
[Black "Slamar, Velimir"]
[Result "1/2-1/2"]
[WhiteElo "1865"]
[BlackElo "2138"]
[PlyCount "140"]
[EventDate "2016.07.23"]
[EventType "swiss"]
[EventRounds "9"]
[EventCountry "SLO"]
[SourceTitle "CBM 173 Extra"]
[Source "ChessBase"]
[SourceDate "2016.08.29"]
[SourceVersion "1"]
[SourceVersionDate "2016.08.29"]
[SourceQuality "1"]

1. d4 d5 2. c4 e6 3. Nf3 c5 4. cxd5 exd5 5. dxc5 Bxc5 6. e3 Nf6 7. Nc3 0-0 8. Be2 Nc6 9. 0-0 a6 10. b3 Bf5 11. Bb2 Ba7 12. Rc1 Re8 13. Qd2 Ne4 14. Nxe4 Bxe4 15. Rfd1 Qe7 16. Qc3 d4 17. exd4 Bxf3 18. Bxf3 Nxd4 19. h3 Rad8 20. Rd3 Qg5 21. Bg4 h5 22. Bf3 Bb8 23. Kf1 Nxf3 24. Rxf3 Qb5+ 25. Kg1 Be5 26. Qc2 Bxb2 27. Qxb2 Re2 28. Qc3 h4 29. Qc7 Rf8 30. Rd1 Qb4 31. Kh2 Rxa2 32. Qe5 Ra5 33. Qb2 Rg5 34. Rd4 Qe7 35. Rc4 Re8 36. Qc3 Qd6+ 37. Kg1 Rge5 38. Re3 Rxe3 39. fxe3 Qd1+ 40. Kh2 Qd6+ 41. Kg1 Qg3 42. Rc8 Rxc8 43. Qxc8+ Kh7 44. Qxb7 Qxe3+ 45. Kh2 Qe5+ 46. Kg1 Qa1+ 47. Kh2 Qf6 48. Qe4+ g6 49. Qb7 Kg7 50. b4 g5 51. Kg1 Kg6 52. Qe4+ Qf5 53. Qc6+ Qe6 54. Qc5 f5 55. Qd4 g4 56. hxg4 fxg4 57. Qd3+ Qf5 58. Qxa6+ Kg7 59. Qa7+ Kg8 60. Qa8+ Kf7 61. Qb7+ Ke8 62. Qb8+ Ke7 63. Qb7+ Kd8 64. Qb8+ Kd7 65. Qb7+ Kd6 66. Qb6+ Kd5 67. Qd8+ Kc4 68. Qxh4 Kxb4 69. Kh2 Qe5+ 70. Kg1 Qe4 1/2-1/2

[Event "Portoroz op 10th"]
[Site "Portoroz"]
[Date "2016.07.25"]
[Round "4"]
[White "Slamar, Velimir"]
[Black "Riekenbrauk, Joerg"]
[Result "1-0"]
[WhiteElo "2138"]
[BlackElo "1939"]
[PlyCount "79"]
[EventDate "2016.07.23"]
[EventType "swiss"]
[EventRounds "9"]
[EventCountry "SLO"]
[SourceTitle "CBM 173 Extra"]
[Source "ChessBase"]
[SourceDate "2016.08.29"]
[SourceVersion "1"]
[SourceVersionDate "2016.08.29"]
[SourceQuality "1"]

1. d4 f5 2. Nc3 Nf6 3. Bg5 Ne4 4. Nxe4 fxe4 5. e3 c6 6. c3 d5 7. h4 Nd7 8. Nh3 Nf6 9. Be2 Be6 10. Bf4 Bxh3 11. Rxh3 e6 12. Rg3 Rg8 13. Qb3 Qb6 14. Kd2 Kd7 15. Be5 Qxb3 16. axb3 Bd6 17. f4 exf3 18. gxf3 g6 19. Rh3 Bxe5 20. dxe5 Nh5 21. f4 a6 22. Rg1 Ng7 23. Rg5 Nf5 24. Bd3 h6 25. Rg2 Ke7 26. b4 Kf7 27. Ke2 a5 28. bxa5 Rxa5 29. Rh1 Ra2 30. Kf3 c5 31. e4 Ne7 32. Rhg1 dxe4+ 33. Bxe4 Nf5 34. Bxf5 exf5 35. Rd1 g5 36. Rd7+ Ke6 37. Rd6+ Ke7 38. Rb6 Rd8 39. Rxb7+ Ke8 40. fxg5 1-0

[Event "Portoroz op 10th"]
[Site "Portoroz"]
[Date "2016.07.24"]
[Round "2"]
[White "Slamar, Velimir"]
[Black "Suta, Tomaz"]
[Result "1-0"]
[WhiteElo "2138"]
[BlackElo "1618"]
[PlyCount "69"]
[EventDate "2016.07.23"]
[EventType "swiss"]
[EventRounds "9"]
[EventCountry "SLO"]
[SourceTitle "CBM 173 Extra"]
[Source "ChessBase"]
[SourceDate "2016.08.29"]
[SourceVersion "1"]
[SourceVersionDate "2016.08.29"]
[SourceQuality "1"]

1. d4 Nf6 2. Nf3 g6 3. c4 Bg7 4. Nc3 0-0 5. e4 d6 6. Be2 e5 7. d5 Na6 8. Bg5 h6 9. Bh4 g5 10. Bg3 Nc5 11. Nd2 Nfxe4 12. Ndxe4 Nxe4 13. Nxe4 f5 14. f3 fxe4 15. fxe4 c6 16. Qd2 cxd5 17. Qxd5+ Kh7 18. 0-0-0 Bd7 19. Qxd6 Bc6 20. Qxd8 Raxd8 21. Rxd8 Rxd8 22. Rd1 Rxd1+ 23. Bxd1 Bxe4 24. Bc2 Bxc2 25. Kxc2 e4 26. Bf2 a6 27. b4 Kg6 28. b5 Kf5 29. a4 Ke6 30. c5 axb5 31. axb5 Kd5 32. c6 bxc6 33. b6 Be5 34. b7 Bxh2 35. g3 1-0

[Event "Sarajevo Bosna op 46th"]
[Site "Sarajevo"]
[Date "2016.05.28"]
[Round "1"]
[White "Slamar, Velimir"]
[Black "Grgic, Anto"]
[Result "1-0"]
[WhiteElo "2115"]
[BlackElo "1404"]
[PlyCount "71"]
[EventDate "2016.05.28"]
[EventType "swiss"]
[EventRounds "9"]
[EventCountry "BIH"]
[SourceTitle "EXT 2019"]
[Source "ChessBase"]
[SourceDate "2018.10.10"]
[SourceVersion "1"]
[SourceVersionDate "2018.10.10"]
[SourceQuality "1"]

1. Nf3 d5 2. c4 c6 3. d4 e6 4. Nc3 Bb4 5. e3 Nf6 6. Bd2 Na6 7. Bd3 Bd6 8. 0-0 h6 9. Rc1 dxc4 10. Bxc4 b5 11. Bd3 Nc7 12. e4 Bb4 13. Bf4 Ba5 14. Qe2 a6 15. Rfd1 Bb7 16. Bg3 Bb6 17. e5 Nfd5 18. Ne4 0-0 19. Nd6 Qb8 20. Qe4 f5 21. exf6 Nxf6 22. Qg6 Ncd5 23. Nf5 Qxg3 24. hxg3 exf5 25. Bxf5 Ne7 26. Be6+ Kh8 27. Qc2 Rad8 28. Ne5 Nfd5 29. Nf7+ Rxf7 30. Bxf7 Nf6 31. Qe2 Nf5 32. Bg6 Nxd4 33. Rxd4 Rxd4 34. Qe7 Rd7 35. Qf8+ Ng8 36. Be4 1-0

[Event "CRO-chT3B Center North"]
[Site "Croatia"]
[Date "2016.05.08"]
[Round "5.3"]
[White "Slamar, Velimir"]
[Black "Kozjak, Nino"]
[Result "1-0"]
[WhiteElo "2112"]
[BlackElo "1734"]
[PlyCount "59"]
[EventDate "2016.04.03"]
[EventType "team-tourn"]
[EventRounds "9"]
[EventCountry "CRO"]
[SourceTitle "EXT 2019"]
[Source "ChessBase"]
[SourceDate "2018.10.10"]
[SourceVersion "1"]
[SourceVersionDate "2018.10.10"]
[SourceQuality "1"]

1. Nf3 d5 2. c4 e6 3. d4 Nf6 4. Nc3 Be7 5. e3 0-0 6. Bd3 dxc4 7. Bxc4 Nbd7 8. 0-0 c6 9. e4 b5 10. Bd3 Bb7 11. e5 Ne8 12. Qe2 Rb8 13. Rd1 g6 14. Bh6 Ng7 15. Rac1 a6 16. Ne4 Nb6 17. Nf6+ Kh8 18. Be4 Nd5 19. Bxd5 cxd5 20. g4 Rc8 21. Rxc8 Qxc8 22. Rc1 Qd8 23. Qe3 Qa5 24. Ng5 Qb6 25. Nd7 Qd8 26. Nxf8 Qxf8 27. Rc7 Ba8 28. Qc1 Bxg5 29. Qxg5 Kg8 30. Qc1 1-0

[Event "Mediterranean op 8th"]
[Site "Rijeka"]
[Date "2015.12.08"]
[Round "5"]
[White "Zoricic, Marijan"]
[Black "Slamar, Velimir"]
[Result "0-1"]
[WhiteElo "2053"]
[BlackElo "2116"]
[PlyCount "78"]
[EventDate "2015.12.05"]
[EventType "swiss"]
[EventRounds "9"]
[EventCountry "CRO"]
[SourceTitle "CBM 169 Extra"]
[Source "ChessBase"]
[SourceDate "2015.12.18"]
[SourceVersion "1"]
[SourceVersionDate "2015.12.18"]
[SourceQuality "1"]

1. e4 c6 2. d4 d5 3. Nc3 dxe4 4. Nxe4 Nf6 5. f3 Nxe4 6. fxe4 e5 7. Nf3 Be6 8. Be3 Qa5+ 9. c3 Nd7 10. Bd3 exd4 11. Nxd4 Ne5 12. Nxe6 fxe6 13. Be2 Nd7 14. Qb3 0-0-0 15. Qxe6 Bc5 16. Qh3 Bxe3 17. Qxe3 Nf6 18. 0-0 Rhe8 19. Bf3 Re5 20. a4 Rde8 21. b4 Qb6 22. Qxb6 axb6 23. a5 bxa5 24. Rxa5 Rxa5 25. bxa5 Nxe4 26. Bg4+ Kd8 27. Rd1+ Ke7 28. Rd7+ Kf6 29. Rxb7 Ra8 30. Bf3 Nd6 31. Rb6 Rxa5 32. Rxc6 Ke5 33. h3 Nf5 34. Rc7 g6 35. c4 h5 36. c5 Nd4 37. Kf2 Ne6 38. Rc8 Rxc5 39. Kg3 Rxc8 0-1

[Event "Mediterranean op 8th"]
[Site "Rijeka"]
[Date "2015.12.06"]
[Round "3"]
[White "Jelecevic, Ivo"]
[Black "Slamar, Velimir"]
[Result "1/2-1/2"]
[WhiteElo "2137"]
[BlackElo "2116"]
[PlyCount "43"]
[EventDate "2015.12.05"]
[EventType "swiss"]
[EventRounds "9"]
[EventCountry "CRO"]
[SourceTitle "CBM 169 Extra"]
[Source "ChessBase"]
[SourceDate "2015.12.18"]
[SourceVersion "1"]
[SourceVersionDate "2015.12.18"]
[SourceQuality "1"]

1. e4 c5 2. Nf3 e6 3. d4 cxd4 4. Nxd4 Nf6 5. Nc3 Nc6 6. Ndb5 Bb4 7. a3 Bxc3+ 8. Nxc3 0-0 9. Bd3 d5 10. 0-0 h6 11. f4 dxe4 12. Nxe4 Qd4+ 13. Nf2 e5 14. fxe5 Ng4 15. c3 Qb6 16. Qe2 Ncxe5 17. Bc2 Be6 18. h3 Bc4 19. Qe4 f5 20. Qd4 Nxf2 21. Rxf2 Qxd4 22. cxd4 1/2-1/2

[Event "CRO-chT2 Center"]
[Site "Croatia"]
[Date "2015.10.18"]
[Round "9.55"]
[White "Margeta, Zeljko"]
[Black "Slamar, Velimir"]
[Result "0-1"]
[WhiteElo "2071"]
[BlackElo "2155"]
[PlyCount "61"]
[EventDate "2015.03.22"]
[EventType "team-tourn"]
[EventRounds "11"]
[EventCountry "CRO"]
[SourceTitle "EXT 2016"]
[Source "ChessBase"]
[SourceDate "2015.10.08"]
[SourceVersion "1"]
[SourceVersionDate "2015.10.08"]
[SourceQuality "1"]

1. d4 Nf6 2. Nf3 e6 3. Bf4 c5 4. c3 Nc6 5. e3 d5 6. Be2 Be7 7. Nbd2 0-0 8. a4 Nh5 9. Bg3 Nxg3 10. hxg3 Bd7 11. Qb3 c4 12. Qc2 f5 13. b3 cxb3 14. Qxb3 Na5 15. Qc2 Rc8 16. g4 g6 17. gxf5 gxf5 18. g4 Bd6 19. gxf5 exf5 20. Qa2 Be6 21. e4 Rxc3 22. exd5 Bf7 23. Rg1+ Kh8 24. Ng5 Qf6 25. Nxf7+ Rxf7 26. Nf3 Rfc7 27. Rd1 Rc2 28. Qb1 Qe7 29. Ne5 Bxe5 30. dxe5 Qxe5 31. Qb5 0-1

[Event "Hum na Sutli op 9th"]
[Site "Hum na Sutli"]
[Date "2015.08.31"]
[Round "4"]
[White "Ladisic, Alex Sacha"]
[Black "Slamar, Velimir"]
[Result "1/2-1/2"]
[WhiteElo "1990"]
[BlackElo "2155"]
[PlyCount "111"]
[EventDate "2015.08.28"]
[EventType "swiss"]
[EventRounds "9"]
[EventCountry "CRO"]
[SourceTitle "EXT 2016"]
[Source "ChessBase"]
[SourceDate "2015.10.08"]
[SourceVersion "1"]
[SourceVersionDate "2015.10.08"]
[SourceQuality "1"]

1. e4 c5 2. Nf3 e6 3. d4 cxd4 4. Nxd4 Nc6 5. Nc3 a6 6. Be2 Qc7 7. 0-0 Nf6 8. Kh1 d6 9. f4 Be7 10. a4 0-0 11. Be3 Nxd4 12. Bxd4 e5 13. Be3 Be6 14. f5 Bc4 15. Bg5 Rac8 16. a5 Bxe2 17. Qxe2 Rfe8 18. Rf2 Qc4 19. Bxf6 Qxe2 20. Rxe2 Bxf6 21. Nd5 Rc5 22. Kg1 Rec8 23. c3 Bd8 24. b4 Rc4 25. Kf2 Kf8 26. Ke1 Ke8 27. Kd2 R4c6 28. Kd3 f6 29. Rc2 Kd7 30. c4 Ke8 31. g4 Kf7 32. h4 h6 33. Ne3 Be7 34. Rb2 Bd8 35. Rb3 Kf8 36. b5 Rc5 37. Ra4 Ra8 38. b6 Rac8 39. Kc2 Ke8 40. Rd3 Be7 41. Kc3 Kf7 42. h5 Ke8 43. Nc2 Kd7 44. Na1 Ke8 45. Nb3 R5c6 46. Rd5 Bf8 47. c5 dxc5 48. Kc4 Rd8 49. Rxd8+ Kxd8 50. Ra2 Rd6 51. Rd2 Rxd2 52. Nxd2 Kd7 53. Nf1 Kc6 54. Ne3 Be7 55. Nd5 Bd8 56. Nc3 1/2-1/2

[Event "Opatija op 2nd"]
[Site "Opatija"]
[Date "2014.07.05"]
[Round "8"]
[White "Bajlo, Kristijan"]
[Black "Slamar, Velimir"]
[Result "1/2-1/2"]
[WhiteElo "2096"]
[BlackElo "2188"]
[PlyCount "88"]
[EventDate "2014.06.29"]
[EventType "swiss"]
[EventRounds "9"]
[EventCountry "CRO"]
[SourceTitle "CBM 161 Extra"]
[Source "ChessBase"]
[SourceDate "2014.08.29"]
[SourceVersion "1"]
[SourceVersionDate "2014.08.29"]
[SourceQuality "1"]

1. e4 e5 2. Nc3 Nf6 3. Nf3 Nc6 4. d4 exd4 5. Nxd4 d6 6. Be2 Be7 7. 0-0 0-0 8. Be3 Bd7 9. h3 Re8 10. Qd2 Bf8 11. f3 a6 12. Rfd1 Nxd4 13. Bxd4 Bc6 14. Bc4 Nd7 15. a4 Ne5 16. Bd5 Qh4 17. Qf2 Qxf2+ 18. Kxf2 Bxd5 19. Nxd5 Rac8 20. a5 Nc6 21. Be3 Ne7 22. Ra4 Nxd5 23. exd5 c5 24. c4 Rc7 25. Ra3 g6 26. Rb3 Bg7 27. Rd2 Kf8 28. Rb6 Rd7 29. Rd3 Be5 30. Rdb3 Ree7 31. f4 Bf6 32. Kf3 Bg7 33. g3 f5 34. Bd2 Ke8 35. Re3 Rxe3+ 36. Bxe3 Kd8 37. b4 cxb4 38. Rxb4 Kc8 39. Bb6 Re7 40. Rb3 Re4 41. Re3 Rxe3+ 42. Kxe3 Bc3 43. Kf3 Kd7 44. Ke2 Bb4 1/2-1/2